Management and organizational behavior classics

Αποθηκεύτηκε σε:
Λεπτομέρειες βιβλιογραφικής εγγραφής
Άλλοι συγγραφείς: Matteson, Michael T. (Επιμελητής έκδοσης), Ivancevich, John M.
Μορφή: Βιβλίο
Γλώσσα:English
Δημοσίευση: Chicago : Irwin, c1996.
Έκδοση:6th ed.
Θέματα:
Ετικέτες: Προσθήκη ετικέτας
Δεν υπάρχουν, Καταχωρήστε ετικέτα πρώτοι!

MARC

LEADER 00000cam a2200000 a 4500
001 1/118161
008 190304t1996####us | ||| |||| ||eng||
020 |a 0256162042   |q (χαρτόδετο)  
040 |a GR-MyUa  |b gre  |c GR-MyUa  |e AACR2 
041 0 |a eng 
082 7 |a 658   |2 (23)  
245 0 0 |a Management and organizational behavior classics /   |c edited by Michael T. Matteson and John M. Ivancevich.  
250 |a 6th ed.  
260 |a Chicago :   |b Irwin,   |c c1996.  
300 |a xviii, 456 σ. :   |b διαγρ., πίν. ;   |c 24 εκ.  
504 |a Περιλαμβάνει βιβλιογραφικές παραπομπές και ευρετήριο.  
650 0 |a Industrial management. 
650 0 |a Organizational behavior. 
700 1 |a Matteson, Michael T.  |e edt 
700 1 |a Ivancevich, John M. 
852 |a INST  |b CHIOS  |c TSAMOYRGELIS  |e 20190304  |h 658 MAN  |p 005200037684  |q 005200037684  |t BK  |y 0 
970 |a Σπέντζα  |b Ελένη  |z 04-03-2019